000 00736nam a2200241 a 4500
003 (BD-SpBAUS)
005 20251120120402.0
008 251120r20252022ii a|||| |||| 001 0 eng d
020 _a9789356062191
040 _aBD-SpBAUS
_cBD-SpBAUS
041 _aeng
082 _a629.892
_bCRI 2022
100 _aCraig, John J.
_92374
245 _a Introduction to Robotics :
_bmechanics and control /
_cJohn J. Craig.
250 _a4th ed.
260 _aNew Delhi :
_bPearson,
_cc2022 [8th Impression 2025].
300 _a452 p. :
_bill. ;
_c24 cm.
504 _aIncludes index
650 _a Robotics
_92375
650 _aRobotics Study and teaching
_92376
856 _uhttps://search.worldcat.org/title/1259046068
942 _2ddc
_cBK
_n0
999 _c966
_d966